000 00482nam a2200193Ia 4500
008 240510s9999 xx 000 0 und d
020 _a0000471177326
041 _aEng
082 _a004.68
082 _bH24
100 _aHELD G.
245 0 _aVIRTUAL LANS : CONSTRUCTION, IMPLEMENTATION, AND MANAGEMENT
260 _bNEWYORK : JOHN WILEY :
260 _c1997
300 _a321 p.
650 _aCOMPUTER NETWORKS : LOCAL AREA NETWORKS
942 _2ddc
942 _cRBK
999 _c25423
_d25423
945 _a1
_bMadushi Gamage
_c1
_dMadushi Gamage